| 000 | 00866cam a2200265 i 4500 | ||
|---|---|---|---|
| 001 | 17664184 | ||
| 003 | OSt | ||
| 005 | 20240102152016.0 | ||
| 008 | 130319s2008 ke b 000 0 som | ||
| 010 | _a 2012313690 | ||
| 020 | _a9789966481269 | ||
| 040 |
_aDLC _beng _erda _cDLC _dDLC |
||
| 042 |
_apcc _alcode |
||
| 050 | 0 | 0 |
_aBS325 _b.S56 2008 |
| 130 | 0 |
_aBible. _lSomali. _f2008. _955790 |
|
| 245 | 1 | 0 | _aKitaabka Quduuska Ah. |
| 260 |
_aNairobi, Kenya : _bBible Society of Kenya, _c2018. |
||
| 300 |
_a1224, 364, 8 pages : _bmaps ; _c22 cm |
||
| 630 | 0 | 0 |
_aBible. _lSomali. _955791 |
| 650 |
_aSomali language _vTexts. _955792 |
||
| 710 | 2 |
_aBible Society of Kenya, _eissuing body. _955779 |
|
| 906 |
_a7 _bcbc _corigode _d3 _encip _f20 _gy-gencatlg |
||
| 942 |
_2lcc _cAFR(R) |
||
| 999 |
_c67806 _d67780 |
||